Text Book of Pharmaceutical Analysis concepts on tirimetric analysis done in Pharmacy (Record no. 6302)

MARC details
000 -LEADER
fixed length control field 00506nam a22001817a 4500
005 - DATE AND TIME OF LATEST TRANSACTION
control field 20230118111045.0
008 - FIXED-LENGTH DATA ELEMENTS--GENERAL INFORMATION
fixed length control field 200520b xxu||||| |||| 00| 0 eng d
020 ## - INTERNATIONAL STANDARD BOOK NUMBER
ISBN 9789374734841
041 ## - LANGUAGE CODE
Language code of text/sound track or separate title eng
082 ## - DEWEY DECIMAL CLASSIFICATION NUMBER
Classification number 615.19 GAN
100 ## - MAIN ENTRY--AUTHOR NAME
Personal name GANGULI, SUBARNA
245 ## - TITLE STATEMENT
Title Text Book of Pharmaceutical Analysis concepts on tirimetric analysis done in Pharmacy
250 ## - EDITION STATEMENT
Edition statement 2'nd
260 ## - PUBLICATION, DISTRIBUTION, ETC. (IMPRINT)
Place of publication Delhi
Name of publisher AITBS PUBLISHERS
Year of publication 2020
300 ## - PHYSICAL DESCRIPTION
Number of Pages 157, vii
650 ## - SUBJECT ADDED ENTRY--TOPICAL TERM
Topical Term Pharmacy
General subdivision D.PHARMA
942 ## - ADDED ENTRY ELEMENTS (KOHA)
Koha item type Books
Holdings
Lost status Damaged status Collection code Home library Current library Shelving location Date acquired Source of acquisition Cost, normal purchase price Full call number Accession Number Koha item type
    Reference JRU Library JRU Library SHELF 9 - D 01/06/2020 PURCHASE 235.00 615.19 GAN 24093 Books
    PHARMACY JRU Library JRU Library SHELF-17-G 01/06/2020 PURCHASE 235.00 615.19 GAN 24094 Books
    PHARMACY JRU Library JRU Library Shelf - 21- F 01/06/2020 PURCHASE 235.00 615.19 GAN 24095 Books